Normal view
MARC view
- THE FALL OF DELHI, 1857.THE LAST MUGHAL
Entry Topical Term
001 - CONTROL NUMBER
- control field: 68157
003 - CONTROL NUMBER IDENTIFIER
- control field: NUST
005 - DATE AND TIME OF LATEST TRANSACTION
- control field: 20210628204004.0
008 - FIXED-LENGTH DATA ELEMENTS
- fixed length control field: 210628|| aca||aabn | a|a d
040 ## - CATALOGING SOURCE
- Original cataloging agency: NUST
- Transcribing agency: NUST
150 ## - HEADING--TOPICAL TERM
- Topical term or geographic name entry element: THE FALL OF DELHI, 1857.THE LAST MUGHAL
670 ## - SOURCE DATA FOUND
- Source citation: Work cat.: (NUST): Dalrymple, William 9813, The last mughal , the fall of delhi, 1857, 2006
